Europe by Images - 'G' - Statistics

General Stats
  • This quiz has been taken 58 times
  • The average score is 8 of 16
Answer Stats
Picture Hint Answer % Correct
Country Germany
98%
Language Greek
91%
Brand Gucci
89%
Overseas Territory Gibraltar
77%
Museum Guggenheim
77%
Polymath Galileo Galilei
74%
Actress Greta Garbo
58%
City Genoa
51%
World Heritage Site Giants Causeway
49%
Food Goulash
42%
City Gdansk
32%
Biologist Gregor Mendel
13%
Public Park Gaudi Park
6%
Castle Glamis
6%
National Park Gran Paradiso
2%
Waterfall Giessbach
0%
No matching quizzes found
Score Distribution
Percent of People with Each Score
Percentile by Number Answered
Your Score History
You have not taken this quiz